000
00268nam a2200085Ia 4500
245
0
_a
Cooking the South African way : [200 traditional recipes]
100
_a
Van Wyk, Magdaleen Cape Town, 1986
_9
112672
942
_c
BK
008
210825s9999 xx 000 0 und d
999
_c
518532
_d
518532